El sendero bicentenario

সংরক্ষণ করুন:
গ্রন্থ-পঞ্জীর বিবরন
প্রধান লেখক: Peña, Manuel (Author), Temkin, Todd (Author)
সংস্থা লেখক: Fundación Valparaíso (Author), Fundación Empresarial Euro Chile (Author)
বিন্যাস: গ্রন্থ
ভাষা:স্প্যানিশ
প্রকাশিত: Valparaíso El Mercurio de Valparaíso 2003
সংস্করন:1a. ed
বিষয়গুলি:
ট্যাগগুলো: ট্যাগ যুক্ত করুন
কোনো ট্যাগ নেই, প্রথমজন হিসাবে ট্যাগ করুন!

MARC

LEADER 00000nam a2200000 a 4500
001 UCJ8772
003 CL-VaPUC
008 070124e20030000CL |||||||||||||||||spa|d
082 0 4 |a 918.3  |b PEÑ  |2 21 
100 0 |a Peña, Manuel  |e author  |9 517913 
700 0 |a Temkin, Todd  |e author  |9 517914 
110 2 |a Fundación Valparaíso  |e author  |9 517915 
710 2 |a Fundación Empresarial Euro Chile  |e author  |9 517916 
245 1 3 |a El sendero bicentenario 
250 |a 1a. ed 
300 |a 118 p 
942 |c BK 
945 |d 20070124 00:00:00  |a fvergara 
260 |a Valparaíso  |b El Mercurio de Valparaíso  |c 2003 
500 |a El libro fue publicado con ocasión del 5§ aniversario de la Fundación. Contiene mapas ruteros y gran variedad de fotografías 
500 |a Durante los meses de julio y agosto de 2002, un grupo de escritores e historiadores realizó diversas caminatas por quebradas, escaleras, cerros y ascensores propuestas por la Fundación Valparaíso. Esta guía es un relato pormenorizado de esos recorridos por la ciudad y van desde la playa Las torpederas hasta la Caleta de Pescadores en sector Portales. En total, las rutas corresponden 15 caminatas. Cada una de ellas, por su complejidad de recorrido en la difícil y escarpada fisonomía de la ciudad, toma una mañana o tarde completa 
600 0 7 |a ADUANA DE VALPARAISO  |2 CL-VaPUC  |9 517616 
600 0 7 |a IGLESIA LA MATRIZ  |2 CL-VaPUC  |9 517917 
600 0 7 |a CAPILLA SANTA ANA  |2 CL-VaPUC  |9 517918 
600 0 7 |a POBLACION OBRERA  |2 CL-VaPUC  |9 517919 
600 0 7 |a LA COLOMBINA  |2 CL-VaPUC  |9 517920 
600 0 7 |a REINA VICTORIA  |2 CL-VaPUC  |9 401302 
600 0 |a San Agustín de Hipona  |x Teólogo y filósofo cristiano   |9 311590 
600 0 7 |a LA SEBASTIANA  |2 CL-VaPUC  |9 471953 
600 0 7 |a MERCADO CARDONAL  |2 CL-VaPUC  |9 517921 
600 0 7 |a RELOJ TURRI  |2 CL-VaPUC  |9 493739 
600 0 7 |a ESVAL  |2 CL-VaPUC  |9 517922 
600 0 7 |a TPS PUERTO DE VALPARAISO  |2 CL-VaPUC  |9 517923 
600 0 7 |a CHILQUINTA ENERGIA S.A  |2 CL-VaPUC  |9 517924 
600 0 7 |a POLPAICO  |2 CL-VaPUC  |9 517925 
650 7 |a GUIA TURISTICA  |2 CL-VaPUC  |9 328105 
650 0 |a Valparaíso histórico  |9 266586 
650 7 |a PATRIMONIO DE LA HUMANIDAD  |2 CL-VaPUC  |9 517926 
650 7 |a CALLES  |2 CL-VaPUC  |9 364295 
650 0 |a Casas   |9 348018 
650 7 |a PLAZAS  |2 CL-VaPUC  |9 333493 
650 7 |a CERROS  |2 CL-VaPUC  |9 367492 
650 0 |a Ascensores  |9 267480 
650 7 |a PASEOS  |2 CL-VaPUC  |9 504371 
650 7 |a CAFES  |2 CL-VaPUC  |9 444321 
650 0 |a Iglesias  |9 352850 
650 0 |a Cementerios  |9 344520 
650 7 |a MIRADORES  |2 CL-VaPUC  |9 517927 
650 0 |a Publicidad  |9 314572 
650 0 |a Turismo  |9 308920 
650 0 |a Monumentos  |9 265246 
650 0 |a Fotografías  |9 268494 
651 7 |a PLAYA LAS TORPEDERAS  |2 CL-VaPUC  |9 517928 
651 7 |a CERRO PLAYA ANCHA  |2 CL-VaPUC  |9 517929 
651 7 |a PASAJE HARRINGTON  |2 CL-VaPUC  |9 517930 
651 7 |a PLAZA WADDINGTON  |2 CL-VaPUC  |9 517931 
651 7 |a AVENIDA GRAN BRETAÑA  |2 CL-VaPUC  |9 517932 
651 7 |a CALLE TAQUEADERO  |2 CL-VaPUC  |9 517933 
651 7 |a CERRO ARTILLERIA  |2 CL-VaPUC  |9 517934 
651 7 |a PASEO 21 DE MAYO  |2 CL-VaPUC  |9 517935 
651 0 |a Plaza Echaurren, Valparaíso, Chile  |9 517936 
651 7 |a CALLE CARAMPANGUE  |2 CL-VaPUC  |9 517937 
651 7 |a CERRO SANTO DOMINGO  |2 CL-VaPUC  |9 368940 
651 7 |a CERRO CORDILLERA  |2 CL-VaPUC  |9 517938 
651 7 |a PASEO YUGOSLAVO  |2 CL-VaPUC  |9 517939 
651 7 |a PLAZOLETA JOAQUIN EDWARDS BELLO  |2 CL-VaPUC  |9 517940 
651 7 |a CERRO CONCEPCION  |2 CL-VaPUC  |9 517941 
651 7 |a PASEO GERVASONI  |2 CL-VaPUC  |9 517942 
651 7 |a PASAJE GALVEZ  |2 CL-VaPUC  |9 517943 
651 7 |a PASEO DIMALLOW  |2 CL-VaPUC  |9 517944 
651 7 |a PASEO LOS 14 ASIENTOS  |2 CL-VaPUC  |9 517945 
651 7 |a PASEO ATKINSON  |2 CL-VaPUC  |9 517946 
651 7 |a PLAZA BISMARCK  |2 CL-VaPUC  |9 517947 
651 7 |a AVENIDA ALEMANIA  |2 CL-VaPUC  |9 517948 
651 7 |a CERRO MONJAS  |2 CL-VaPUC  |9 517949 
651 7 |a CERRO LECHEROS  |2 CL-VaPUC  |9 517950 
651 7 |a CERRO BARON  |2 CL-VaPUC  |9 517951 
651 7 |a MUELLE BARON  |2 CL-VaPUC  |9 517952 
651 7 |a PARQUE ITALIA  |2 CL-VaPUC  |9 517953 
651 7 |a PLAZA VICTORIA  |2 CL-VaPUC  |9 517954 
651 7 |a CALLE SERRANO  |2 CL-VaPUC  |9 517955 
651 0 |a Valparaíso, Chile  |9 261144 
583 |a last modification  |c 20070124 00:00:00  |k Rodrigo Vera 
999 |c 324425  |d 324423 
952 |0 0  |1 0  |4 0  |6 918_300000000000000_PEÑ_2003  |7 0  |8 X  |9 404529  |a FDOBUD  |b FDOBUD  |d 2019-11-22  |i 1083791  |o 918.3 PEÑ 2003  |p 1083791  |r 2019-11-22  |w 2019-11-22  |y BK_X  |k BUD